LEADER 00850nam0-2200313---450- 001 990008847150403321 005 20091001110306.0 010 $a0-387-95484-8 035 $a000884715 035 $aFED01000884715 035 $a(Aleph)000884715FED01 035 $a000884715 100 $a20090424d2002----km-y0itay50------ba 101 0 $aeng 102 $aUS 105 $ay-------001yy 200 1 $aPractical analysis in one variable$fDonald Estep 210 $aNew York$cSpringer$dİ2002 225 1 $aUndergraduate texts in mathematics 610 0 $aAnalisi matematica 676 $a515.22 700 1$aEstep,$bDonald$066935 801 0$aIT$bUNINA$gRICA$2UNIMARC 901 $aBK 912 $a990008847150403321 952 $a515.22-EST-1$b2835$fSC1 959 $aSC1 996 $aPractical analysis in one variable$9805380 997 $aUNINA